The economics of water management in developing countries : problems, principles and policies /

Bibliographic Details
Corporate Author: Symposium on Water Resource Management--Efficiency, Equity, and Policy Nicosia, Cyprus
Other Authors: Koundouri, Phoebe, 1974-
Format: Conference Proceeding Book
Language:English
Published: Cheltenham, UK ; Northhampton, MA : Edward Elgar, [2003]
Subjects:

MARC

Tag First Indicator Second Indicator Subfields
LEADER 00000pam a22000004a 4500
001 in00001830613
005 20151026053031.0
008 030319s2003 enkab b 101 0 eng
010 |a  2003044893 
020 |a 184376122X 
035 |a (OCoLC)ocm51900564 
040 |a DLC  |c DLC  |d AGL  |d TXA  |d UtOrBLW 
042 |a pcc 
043 |a d------ 
049 |a TXAM 
050 0 0 |a HD1702  |b .S96 2000 
070 0 |a HD1702  |b .S96 2000 
082 0 0 |a 333.91/009172/4  |2 21 
111 2 |a Symposium on Water Resource Management--Efficiency, Equity, and Policy  |d (2000 :  |c Nicosia, Cyprus) 
245 1 4 |a The economics of water management in developing countries :  |b problems, principles and policies /  |c edited by Phoebe Koundouri [and others]. 
264 1 |a Cheltenham, UK ;  |a Northhampton, MA :  |b Edward Elgar,  |c [2003] 
264 4 |c ©2003 
300 |a xi, 278 pages :  |b illustrations, maps ;  |c 24 cm. 
336 |a text  |b txt  |2 rdacontent 
337 |a unmediated  |b n  |2 rdamedia 
338 |a volume  |b nc  |2 rdacarrier 
500 |a Papers presented at the Symposium on Water Resource Management--Efficiency, Equity and Policy held in Nicosia, September 22-24, 2000. 
504 |a Includes bibliographical references and index. 
650 0 |a Water resources development  |x Economic aspects  |z Developing countries  |v Congresses. 
700 1 |a Koundouri, Phoebe,  |d 1974- 
948 |a cataloged  |b h  |c 2004/5/21  |d c  |e dmitchel  |f 1:50:30 pm 
994 |a E0  |b TXA 
999 |a MARS 
999 f f |s 6121fd4a-bea3-3716-ab27-170da30dbf0e  |i 53a41445-9db2-3c01-ae01-e5166c539896  |t 0 
952 f f |p ric  |a Texas A&M University  |b Rellis Campus  |c Joint Library Facility  |d Remote Storage  |t 0  |e HD1702 .S96 2000  |h Library of Congress classification  |i unmediated -- volume  |m A14831915201 
998 f f |a HD1702 .S96 2000  |t 0  |l Remote Storage